[Event "Porto Sant Elpidio op U16 9th"]
[Site "Porto Sant Elpidio"]
[Date "2006.11.19"]
[Round "3"]
[White "Capponi, Alessio"]
[Black "Ferretti, Francesco Maria"]
[Result "1-0"]
[WhiteElo "1440"]
[BlackElo "1449"]
[PlyCount "47"]
[EventDate "2006.11.18"]
[EventType "swiss"]
[EventRounds "6"]
[EventCountry "ITA"]
[SourceTitle "EXT 2011"]
[Source "ChessBase"]
[SourceDate "2010.11.26"]
[SourceVersion "1"]
[SourceVersionDate "2010.11.26"]
[SourceQuality "1"]

1. e4 e5 2. Nf3 Nc6 3. Bb5 Bc5 4. 0-0 d6 5. Nc3 Bd7 6. Bc4 Nf6 7. d3 0-0 8. Bg5 h6 9. Bh4 a6 10. h3 b5 11. Bd5 g5 12. Bg3 b4 13. Na4 Nxd5 14. exd5 Nd4 15. Nxc5 dxc5 16. Nxd4 cxd4 17. Bxe5 c5 18. Bd6 Re8 19. Re1 Qb6 20. Rxe8+ Rxe8 21. Bg3 Qb7 22. Qf3 Rd8 23. Be5 Bc8 24. Qf6 1-0